[Event "Senta op 21st"]
[Site "Senta"]
[Date "2017.07.24"]
[Round "1"]
[White "Radisic, Dragoljub"]
[Black "Kovacs, Arthur"]
[Result "0-1"]
[WhiteElo "1292"]
[BlackElo "1970"]
[PlyCount "64"]
[EventDate "2017.07.24"]
[EventType "swiss"]
[EventRounds "9"]
[EventCountry "SRB"]
[SourceTitle "CBM 179 Extra"]
[Source "ChessBase"]
[SourceDate "2017.08.23"]
[SourceVersion "1"]
[SourceVersionDate "2017.08.23"]
[SourceQuality "1"]

1. e4 c6 2. d4 d5 3. Nd2 dxe4 4. Nxe4 Nd7 5. Nf3 Ngf6 6. Bd3 e6 7. 0-0 Be7 8. Bg5 b6 9. Nxf6+ Nxf6 10. Bxf6 Bxf6 11. c3 0-0 12. Qc2 h6 13. Bh7+ Kh8 14. Be4 Bb7 15. Rae1 Qc7 16. Bd3 c5 17. Be4 cxd4 18. Bxb7 Qxb7 19. cxd4 Rac8 20. Qd2 Rfd8 21. Rd1 Rd5 22. Rfe1 Rcd8 23. Qc3 e5 24. Rd3 exd4 25. Qc2 Qc8 26. Qb1 Qf5 27. Red1 Rc5 28. h3 Kg8 29. Nxd4 Bxd4 30. Rxd4 Rxd4 31. Qxf5 Rxd1+ 32. Kh2 Rxf5 0-1

[Event "Subotica-ch op"]
[Site "Subotica"]
[Date "2017.03.13"]
[Round "9"]
[White "Jujic, Petra"]
[Black "Radisic, Dragoljub"]
[Result "1-0"]
[WhiteElo "1465"]
[BlackElo "1322"]
[PlyCount "117"]
[EventDate "2017.02.22"]
[EventType "swiss"]
[EventRounds "9"]
[EventCountry "SRB"]
[SourceTitle "CBM 177 Extra"]
[Source "ChessBase"]
[SourceDate "2017.04.27"]
[SourceVersion "1"]
[SourceVersionDate "2017.04.27"]
[SourceQuality "1"]

1. e4 e5 2. Nf3 Nc6 3. Bb5 a6 4. Bxc6 bxc6 5. d3 d6 6. 0-0 Be7 7. Nc3 Nf6 8. Re1 0-0 9. h3 Nd7 10. a3 Re8 11. b4 Rb8 12. Qd2 Nf8 13. Bb2 Ng6 14. Ne2 Bf6 15. Rab1 Be6 16. Ng3 Nf4 17. d4 Ng6 18. Nh5 Rb5 19. a4 Rb8 20. dxe5 dxe5 21. Qxd8 Rbxd8 22. Nxf6+ gxf6 23. Rbd1 Rb8 24. Ba3 Kh8 25. Rd3 Rg8 26. Kf1 Bc4 27. g3 Bxd3+ 28. cxd3 Rbd8 29. Ke2 Rd7 30. Rc1 Ne7 31. Nd2 Rgd8 32. Rc3 Nc8 33. Nc4 Nb6 34. Nb2 Nc8 35. Rxc6 Nb6 36. Rxf6 Nxa4 37. Nxa4 Rxd3 38. Bb2 Rd1 39. Kf3 R8d3+ 40. Kg4 Rd8 41. Bxe5 h5+ 42. Kxh5 Kg8 43. Bxc7 R8d7 44. Bb6 R1d6 45. Rxd6 Rxd6 46. Bc5 Re6 47. Nc3 a5 48. f3 Re5+ 49. Kg4 axb4 50. Bxb4 Kh7 51. f4 Re6 52. Kf5 Rg6 53. Ne2 Rb6 54. Bc3 Kg8 55. h4 Rb5+ 56. Be5 Kf8 57. h5 Ke7 58. Nd4 Ra5 59. Nc6+ 1-0

[Event "Subotica-ch op"]
[Site "Subotica"]
[Date "2017.02.27"]
[Round "3"]
[White "Vesic, Sinisa"]
[Black "Radisic, Dragoljub"]
[Result "1-0"]
[WhiteElo "1620"]
[BlackElo "1322"]
[PlyCount "87"]
[EventDate "2017.02.22"]
[EventType "swiss"]
[EventRounds "9"]
[EventCountry "SRB"]
[SourceTitle "CBM 177 Extra"]
[Source "ChessBase"]
[SourceDate "2017.04.27"]
[SourceVersion "1"]
[SourceVersionDate "2017.04.27"]
[SourceQuality "1"]

1. e4 c5 2. f4 d6 3. Nf3 a6 4. a4 Nf6 5. Nc3 g6 6. Bc4 e6 7. 0-0 Bg7 8. Ng5 h6 9. Nxf7 Kxf7 10. f5 Qe7 11. fxe6+ Bxe6 12. Nd5 Bxd5 13. Bxd5+ Ke8 14. d3 Nbd7 15. Bxb7 Rb8 16. Bxa6 Rb6 17. Bb5 Kf8 18. c4 Kf7 19. Qg4 Rd8 20. a5 Ne5 21. Qg3 Rbb8 22. a6 Ra8 23. Bd2 Rdc8 24. Qh3 Kg8 25. b4 Nc6 26. bxc5 dxc5 27. Bxh6 Bxh6 28. Qxh6 Ne5 29. Qg5 Rf8 30. Ra3 Qd6 31. h3 Ra7 32. Qe3 Nc6 33. Qg5 Kg7 34. Bxc6 Qxc6 35. e5 Rxa6 36. exf6+ Rxf6 37. Rxf6 Qxf6 38. Qxc5 Rxa3 39. Qxa3 Qd4+ 40. Kh1 Qf2 41. Qe7+ Kh6 42. Qe4 Qf1+ 43. Kh2 g5 44. c5 1-0

[Event "Subotica-ch op"]
[Site "Subotica"]
[Date "2017.02.24"]
[Round "2"]
[White "Radisic, Dragoljub"]
[Black "Kovacs, Istvan A"]
[Result "0-1"]
[WhiteElo "1322"]
[BlackElo "1882"]
[PlyCount "66"]
[EventDate "2017.02.22"]
[EventType "swiss"]
[EventRounds "9"]
[EventCountry "SRB"]
[SourceTitle "CBM 177 Extra"]
[Source "ChessBase"]
[SourceDate "2017.04.27"]
[SourceVersion "1"]
[SourceVersionDate "2017.04.27"]
[SourceQuality "1"]

1. Nf3 d5 2. d4 e6 3. e3 c5 4. c4 Nf6 5. Nc3 Nc6 6. Bd3 Be7 7. 0-0 0-0 8. Re1 a6 9. Ne2 Nb4 10. a3 Nxd3 11. Qxd3 dxc4 12. Qxc4 b5 13. Qc2 Qb6 14. Rd1 Bb7 15. Ne5 Rac8 16. Qd2 Rfd8 17. Qe1 Bd6 18. b3 Qc7 19. Bb2 Bxe5 20. dxe5 Rxd1 21. Rxd1 Ng4 22. f4 Nxe3 23. Rd3 Nxg2 24. Qg3 Qc6 25. Kf2 Qe4 26. Bc1 Bd5 27. Bd2 c4 28. Rc3 a5 29. b4 axb4 30. axb4 Ra8 31. Ng1 Ra2 32. Nf3 Rxd2+ 33. Nxd2 Qe1# 0-1

[Event "Senta-ch"]
[Site "Senta"]
[Date "2017.02.17"]
[Round "7"]
[White "Szirovicza, Alex"]
[Black "Radisic, Dragoljub"]
[Result "1/2-1/2"]
[WhiteElo "1529"]
[BlackElo "1322"]
[PlyCount "60"]
[EventDate "2017.01.20"]
[EventType "swiss"]
[EventRounds "9"]
[EventCountry "SRB"]
[SourceTitle "EXT 2018"]
[Source "ChessBase"]
[SourceDate "2017.10.13"]
[SourceVersion "1"]
[SourceVersionDate "2017.10.13"]
[SourceQuality "1"]

1. e4 c5 2. Nf3 d6 3. d4 cxd4 4. Nxd4 a6 5. g3 g6 6. Bg2 Bg7 7. c3 Nf6 8. 0-0 0-0 9. Be3 Nc6 10. Qd2 e5 11. Ne2 Ne7 12. f4 Ne8 13. fxe5 Bxe5 14. Bh6 Bg7 15. Bxg7 Nxg7 16. Na3 f5 17. Nc4 Ne8 18. e5 d5 19. Ne3 Be6 20. Rad1 Qb6 21. Kh1 Rd8 22. Nf4 Nc7 23. Rf2 Rd7 24. Qd4 Qc6 25. Rfd2 Rfd8 26. Qd3 Kh8 27. Qc2 g5 28. Nxe6 Qxe6 29. Re2 Rf8 30. Rf1 Ng6 1/2-1/2

[Event "Senta-ch"]
[Site "Senta"]
[Date "2017.02.05"]
[Round "6"]
[White "Rozsa, Sandor S"]
[Black "Radisic, Dragoljub"]
[Result "1/2-1/2"]
[WhiteElo "1475"]
[BlackElo "1322"]
[PlyCount "50"]
[EventDate "2017.01.20"]
[EventType "swiss"]
[EventRounds "9"]
[EventCountry "SRB"]
[SourceTitle "EXT 2018"]
[Source "ChessBase"]
[SourceDate "2017.10.13"]
[SourceVersion "1"]
[SourceVersionDate "2017.10.13"]
[SourceQuality "1"]

1. e4 e6 2. Nf3 d5 3. e5 c5 4. Bb5+ Bd7 5. c4 a6 6. Bxd7+ Qxd7 7. cxd5 Qxd5 8. Qe2 Nc6 9. Nc3 Qd7 10. 0-0 0-0-0 11. a3 Nge7 12. Rd1 Qc7 13. b3 Ng6 14. Re1 Kb8 15. Ra2 Be7 16. g3 h6 17. Rc2 Qb6 18. Rb2 Qc7 19. Rc2 Nf8 20. Na2 Nd7 21. Bb2 Nb6 22. Bc3 Nd5 23. Qe4 g6 24. b4 cxb4 25. Bxb4 Bxb4 1/2-1/2

[Event "Senta-ch"]
[Site "Senta"]
[Date "2017.01.21"]
[Round "2"]
[White "Radisic, Dragoljub"]
[Black "Olajos, Gyozo"]
[Result "0-1"]
[WhiteElo "1322"]
[BlackElo "1638"]
[PlyCount "106"]
[EventDate "2017.01.20"]
[EventType "swiss"]
[EventRounds "9"]
[EventCountry "SRB"]
[SourceTitle "EXT 2018"]
[Source "ChessBase"]
[SourceDate "2017.10.13"]
[SourceVersion "1"]
[SourceVersionDate "2017.10.13"]
[SourceQuality "1"]

1. e4 e5 2. Nf3 Nc6 3. Bb5 d6 4. d4 a6 5. Ba4 b5 6. Bb3 h6 7. d5 Na5 8. c3 Bg4 9. Bc2 Be7 10. h3 Bh5 11. Nbd2 Nf6 12. 0-0 Qd7 13. Re1 g5 14. Nf1 g4 15. hxg4 Bxg4 16. N1h2 Bh5 17. Bd3 0-0-0 18. Be2 Rdg8 19. Nh4 Qh3 20. g3 Qxh4 21. Kh1 Qh3 22. Rg1 Ng4 23. Bxg4+ Bxg4 24. Qf1 Bf3+ 25. Rg2 h5 26. Kg1 h4 27. Nxf3 hxg3 28. fxg3 Rxg3 29. Rxg3 Qxg3+ 30. Qg2 Rg8 31. Qxg3 Rxg3+ 32. Kf2 Rg4 33. Ke2 Rxe4+ 34. Kd3 f5 35. Bg5 Kd7 36. Rh1 Bxg5 37. Nxg5 Rg4 38. Rh7+ Kc8 39. Ne6 Nc4 40. Rxc7+ Kb8 41. Rc6 e4+ 42. Ke2 Rg2+ 43. Kf1 Rxb2 44. Rxa6 e3 45. Nd4 f4 46. a4 bxa4 47. Rxa4 Ne5 48. Rb4+ Rxb4 49. cxb4 f3 50. Nc6+ Kc7 51. Nxe5 dxe5 52. b5 e4 53. Ke1 e2 0-1

[Event "Subotica-ch op"]
[Site "Subotica"]
[Date "2016.03.11"]
[Round "9"]
[White "Radisic, Dragoljub"]
[Black "Nikolic, Branko"]
[Result "0-1"]
[WhiteElo "1390"]
[BlackElo "1493"]
[PlyCount "58"]
[EventDate "2016.02.22"]
[EventType "swiss"]
[EventRounds "9"]
[EventCountry "SRB"]
[SourceTitle "CBM 171 Extra"]
[Source "ChessBase"]
[SourceDate "2016.04.26"]
[SourceVersion "1"]
[SourceVersionDate "2016.04.26"]
[SourceQuality "1"]

1. d4 d5 2. c4 c6 3. Nf3 e6 4. e3 Nf6 5. Nc3 Bd6 6. c5 Be7 7. h3 0-0 8. Bd3 Nbd7 9. 0-0 Re8 10. Re1 b6 11. b4 bxc5 12. bxc5 Rb8 13. e4 dxe4 14. Nxe4 Nxe4 15. Bxe4 Nf6 16. Ne5 Nxe4 17. Rxe4 Bxc5 18. Nxc6 Qd5 19. Qa4 Qxe4 20. Nxb8 Qe1+ 21. Kh2 Bd6+ 22. f4 Rf8 23. d5 Bxb8 24. Qd4 e5 25. Qb2 Bd6 26. Bd2 Qh4 27. g3 Qxh3+ 28. Kg1 Qxg3+ 29. Kf1 Ba6+ 0-1

[Event "Subotica-ch op"]
[Site "Subotica"]
[Date "2016.03.07"]
[Round "7"]
[White "Radisic, Dragoljub"]
[Black "Korosi, Nandor"]
[Result "0-1"]
[WhiteElo "1390"]
[BlackElo "1661"]
[PlyCount "92"]
[EventDate "2016.02.22"]
[EventType "swiss"]
[EventRounds "9"]
[EventCountry "SRB"]
[SourceTitle "CBM 171 Extra"]
[Source "ChessBase"]
[SourceDate "2016.04.26"]
[SourceVersion "1"]
[SourceVersionDate "2016.04.26"]
[SourceQuality "1"]

1. d4 d5 2. Nf3 g6 3. c4 Nc6 4. e3 Bg7 5. Nc3 Nf6 6. Bd3 0-0 7. 0-0 Re8 8. b3 e5 9. dxe5 Nxe5 10. Nxe5 Rxe5 11. Bb2 Rh5 12. Be2 Rh6 13. Bf3 c6 14. cxd5 Nxd5 15. e4 Qh4 16. h3 Nxc3 17. Qd3 Bxh3 18. g3 Qf6 19. Rfc1 Ne2+ 20. Qxe2 Qxb2 21. Qe3 Rd8 22. Rab1 Qf6 23. Bg2 Bxg2 24. Kxg2 Qe6 25. Rh1 Rxh1 26. Rxh1 f5 27. f3 fxe4 28. fxe4 Qd6 29. Rf1 Qd2+ 30. Qxd2 Rxd2+ 31. Kf3 Be5 32. Ke3 Rxa2 33. Rd1 b6 34. Rd8+ Kg7 35. Rd7+ Kh6 36. Re7 Bxg3 37. e5 Bxe5 38. Rxe5 c5 39. Kd3 g5 40. Re6+ Kh5 41. Re5 Kh4 42. Re1 h5 43. Ke3 g4 44. Kf4 Rf2+ 45. Ke3 Rf3+ 46. Ke2 Rxb3 0-1

[Event "Subotica-ch op"]
[Site "Subotica"]
[Date "2016.02.29"]
[Round "4"]
[White "Engi, Igor"]
[Black "Radisic, Dragoljub"]
[Result "1-0"]
[WhiteElo "1640"]
[BlackElo "1390"]
[PlyCount "91"]
[EventDate "2016.02.22"]
[EventType "swiss"]
[EventRounds "9"]
[EventCountry "SRB"]
[SourceTitle "CBM 171 Extra"]
[Source "ChessBase"]
[SourceDate "2016.04.26"]
[SourceVersion "1"]
[SourceVersionDate "2016.04.26"]
[SourceQuality "1"]

1. e4 c5 2. d4 cxd4 3. c3 dxc3 4. Nxc3 Nc6 5. Bc4 e6 6. Nf3 h6 7. 0-0 Bd6 8. Qxd6 Nge7 9. Qg3 Ng6 10. Rd1 0-0 11. Bxe6 Qe7 12. Bf5 Nge5 13. Nxe5 Nxe5 14. Nd5 Qd6 15. Bxh6 Nf3+ 16. Qxf3 Qxh6 17. Qh3 Qxh3 18. Bxh3 b6 19. f3 Bb7 20. Ne7+ Kh7 21. Rxd7 Ba6 22. Rc1 Kh6 23. Rc6+ g6 24. Rcc7 Bb5 25. Nc6 Bxc6 26. Rxc6 Kh5 27. Bg4+ Kg5 28. Rd5+ Kh6 29. h4 f6 30. Rdd6 Kg7 31. h5 gxh5 32. Bxh5 Kh6 33. g4 Kg5 34. Kf2 Rab8 35. Kg3 a5 36. f4+ Kh6 37. Rxf6+ Rxf6 38. Rxf6+ Kg7 39. g5 b5 40. Rf7+ Kg8 41. g6 Rf8 42. e5 b4 43. e6 a4 44. Rxf8+ Kxf8 45. e7+ Kxe7 46. g7 1-0

[Event "Senta-ch"]
[Site "Senta"]
[Date "2016.02.07"]
[Round "9"]
[White "Farkas, Istvan"]
[Black "Radisic, Dragoljub"]
[Result "1-0"]
[WhiteElo "1569"]
[BlackElo "1390"]
[PlyCount "67"]
[EventDate "2016.01.22"]
[EventType "swiss"]
[EventRounds "9"]
[EventCountry "SRB"]
[SourceTitle "CBM 170 Extra"]
[Source "ChessBase"]
[SourceDate "2016.02.25"]
[SourceVersion "1"]
[SourceVersionDate "2016.02.25"]
[SourceQuality "1"]

1. Nf3 d5 2. g3 e6 3. Bg2 Nc6 4. d4 h6 5. 0-0 Bd6 6. Nbd2 Nf6 7. Qe1 0-0 8. e4 e5 9. exd5 Nxd5 10. dxe5 Bxe5 11. Nxe5 Re8 12. Nxc6 bxc6 13. Qd1 g6 14. Nf3 h5 15. Qd2 Qf6 16. c4 Nb6 17. Qh6 Nd7 18. Ng5 Nf8 19. Ne4 Qe5 20. Bg5 Re6 21. Rae1 Qxb2 22. Nf6+ Rxf6 23. Bxf6 Qxf6 24. Re8 Qg7 25. Qxg7+ Kxg7 26. Bxc6 Rb8 27. Re7 Ba6 28. Bd5 Kh6 29. Rxf7 Nh7 30. Rxc7 Rb4 31. Rc1 Nf6 32. Rxa7 Nxd5 33. Rxa6 Nb6 34. c5 1-0

[Event "Senta-ch"]
[Site "Senta"]
[Date "2016.02.05"]
[Round "7"]
[White "Szakal, Sandor"]
[Black "Radisic, Dragoljub"]
[Result "0-1"]
[WhiteElo "1572"]
[BlackElo "1390"]
[PlyCount "64"]
[EventDate "2016.01.22"]
[EventType "swiss"]
[EventRounds "9"]
[EventCountry "SRB"]
[SourceTitle "CBM 170 Extra"]
[Source "ChessBase"]
[SourceDate "2016.02.25"]
[SourceVersion "1"]
[SourceVersionDate "2016.02.25"]
[SourceQuality "1"]

1. d4 d5 2. Nf3 Nf6 3. h3 h6 4. e3 e6 5. Bd3 Nbd7 6. Nbd2 b6 7. b3 Bd6 8. Bb2 Bb7 9. 0-0 0-0 10. Re1 Re8 11. c4 c5 12. cxd5 exd5 13. dxc5 bxc5 14. Qc2 Rc8 15. e4 d4 16. Nc4 Bb8 17. e5 Bxf3 18. exf6 Nxf6 19. gxf3 g6 20. Rxe8+ Nxe8 21. Kh1 Qc7 22. Kg1 Qh2+ 23. Kf1 Rc6 24. Qd2 Re6 25. Be4 f5 26. Bc1 fxe4 27. f4 d3 28. f3 Qh1+ 29. Kf2 Qxf3+ 30. Kg1 e3 31. Nxe3 Bxf4 32. Qf2 Bxe3 0-1

[Event "Senta-ch"]
[Site "Senta"]
[Date "2016.01.23"]
[Round "2"]
[White "Bilic, Marijana"]
[Black "Radisic, Dragoljub"]
[Result "1-0"]
[WhiteElo "1670"]
[BlackElo "1390"]
[PlyCount "25"]
[EventDate "2016.01.22"]
[EventType "swiss"]
[EventRounds "9"]
[EventCountry "SRB"]
[SourceTitle "CBM 170 Extra"]
[Source "ChessBase"]
[SourceDate "2016.02.25"]
[SourceVersion "1"]
[SourceVersionDate "2016.02.25"]
[SourceQuality "1"]

1. e4 e5 2. Nf3 Nc6 3. d4 d6 4. dxe5 Nxe5 5. Nxe5 dxe5 6. Qxd8+ Kxd8 7. Be3 Bd7 8. Nd2 b6 9. 0-0-0 Kc8 10. Ba6+ Kb8 11. Nc4 Bc6 12. Nxe5 Be8 13. Rd8# 1-0

[Event "Subotica-ch"]
[Site "Subotica"]
[Date "2015.02.23"]
[Round "4"]
[White "Skenderovic, Nikola"]
[Black "Radisic, Dragoljub"]
[Result "1-0"]
[WhiteElo "1530"]
[BlackElo "1395"]
[PlyCount "59"]
[EventDate "2015.02.16"]
[EventType "swiss"]
[EventRounds "9"]
[EventCountry "SRB"]
[SourceTitle "CBM 165 Extra"]
[Source "ChessBase"]
[SourceDate "2015.04.21"]
[SourceVersion "1"]
[SourceVersionDate "2015.04.21"]
[SourceQuality "1"]

1. e4 e5 2. Nf3 Nc6 3. Bc4 Bc5 4. b4 Bxb4 5. c3 Bc5 6. d4 exd4 7. cxd4 Bb4+ 8. Kf1 d6 9. d5 Ne5 10. Nxe5 Bc5 11. Nf3 Qf6 12. e5 dxe5 13. Bb2 Bg4 14. Bxe5 Qg6 15. Bd3 f5 16. Qc2 Ne7 17. Qxc5 Qf7 18. Bb5+ c6 19. dxc6 0-0 20. Bc4 b6 21. Bxf7+ Rxf7 22. Qc4 Raf8 23. Nc3 Rc8 24. Ng5 Bh5 25. c7 h6 26. Nxf7 Bxf7 27. Qa6 Be6 28. Rd1 Nc6 29. Rd3 Nb4 30. Qb5 1-0

[Event "Senta-ch"]
[Site "Senta"]
[Date "2015.02.22"]
[Round "9"]
[White "Radisic, Dragoljub"]
[Black "Boros, Tamas I"]
[Result "1-0"]
[WhiteElo "1395"]
[BlackElo "1423"]
[PlyCount "65"]
[EventDate "2015.01.30"]
[EventType "swiss"]
[EventRounds "9"]
[EventCountry "SRB"]
[SourceTitle "EXT 2016"]
[Source "ChessBase"]
[SourceDate "2015.10.08"]
[SourceVersion "1"]
[SourceVersionDate "2015.10.08"]
[SourceQuality "1"]

1. e4 e5 2. Nf3 Nc6 3. Bb5 Bc5 4. 0-0 Nf6 5. Nc3 d6 6. h3 a6 7. Bc4 b5 8. Bd5 Bb7 9. d3 h6 10. Ne2 Nxd5 11. exd5 Ne7 12. c4 0-0 13. b3 c6 14. d4 exd4 15. Nexd4 cxd5 16. cxb5 Qb6 17. Be3 axb5 18. Qd3 Ba6 19. Rfe1 b4 20. Qc2 Rac8 21. Qd2 Rfe8 22. Rad1 Ng6 23. Nf5 Bxe3 24. Nxe3 Nf4 25. Nxd5 Nxd5 26. Qxd5 Rxe1+ 27. Rxe1 Bb7 28. Qd3 Bxf3 29. Qxf3 Rc2 30. Re7 f6 31. Qd5+ Kh8 32. Re8+ Kh7 33. Qf5+ 1-0

[Event "Subotica-ch"]
[Site "Subotica"]
[Date "2015.02.20"]
[Round "3"]
[White "Radisic, Dragoljub"]
[Black "Vesic, Sinisa"]
[Result "1/2-1/2"]
[WhiteElo "1395"]
[BlackElo "1697"]
[PlyCount "71"]
[EventDate "2015.02.16"]
[EventType "swiss"]
[EventRounds "9"]
[EventCountry "SRB"]
[SourceTitle "CBM 165 Extra"]
[Source "ChessBase"]
[SourceDate "2015.04.21"]
[SourceVersion "1"]
[SourceVersionDate "2015.04.21"]
[SourceQuality "1"]

1. e4 d5 2. exd5 Qxd5 3. Nc3 Qa5 4. Nf3 Bg4 5. h3 Bh5 6. Be2 Nf6 7. d4 e6 8. Bd2 Qb6 9. Na4 Qc6 10. Nc3 Bb4 11. Bb5 Bxc3 12. Bxc6+ Nxc6 13. Bxc3 0-0-0 14. Qe2 e5 15. Nxe5 Bxe2 16. Nxf7 Nxd4 17. Nxh8 Nxc2+ 18. Kxe2 Nxa1 19. Rxa1 Rxh8 20. Bxf6 gxf6 21. Kf3 Rd8 22. Re1 Rd2 23. Re2 Rxe2 24. Kxe2 Kd7 25. Ke3 Ke6 26. f4 h5 27. Kf3 c5 28. b3 b5 29. g4 h4 30. f5+ Ke5 31. Ke3 a5 32. a3 Kd5 33. Kd3 Ke5 34. Ke3 Kd5 35. Kd3 Ke5 36. Ke3 1/2-1/2

[Event "Subotica-ch"]
[Site "Subotica"]
[Date "2015.02.18"]
[Round "2"]
[White "Ribar, Vladimir"]
[Black "Radisic, Dragoljub"]
[Result "1-0"]
[WhiteElo "1823"]
[BlackElo "1395"]
[PlyCount "65"]
[EventDate "2015.02.16"]
[EventType "swiss"]
[EventRounds "9"]
[EventCountry "SRB"]
[SourceTitle "CBM 165 Extra"]
[Source "ChessBase"]
[SourceDate "2015.04.21"]
[SourceVersion "1"]
[SourceVersionDate "2015.04.21"]
[SourceQuality "1"]

1. e4 e5 2. Bc4 Nf6 3. Nc3 Bc5 4. d3 h6 5. h3 Nc6 6. a3 d6 7. Na4 Rb8 8. Nxc5 dxc5 9. Nf3 a6 10. c3 b5 11. Ba2 0-0 12. Be3 Qe7 13. g4 Rd8 14. Qc1 Be6 15. Bb1 g5 16. Bc2 Nh7 17. Qd1 f6 18. Qe2 Rd7 19. Nd2 Rbd8 20. h4 c4 21. dxc4 bxc4 22. Nxc4 Bxc4 23. Qxc4+ Kg7 24. Qxc6 Rd6 25. Qc4 Nf8 26. Bc5 Qe6 27. Qe2 Rd2 28. Qf3 Rxc2 29. Bxf8+ Kxf8 30. hxg5 hxg5 31. Rh8+ Ke7 32. Rxd8 Kxd8 33. Qd3+ 1-0

[Event "Senta-ch"]
[Site "Senta"]
[Date "2015.02.06"]
[Round "4"]
[White "Aleksic, Zvonimir"]
[Black "Radisic, Dragoljub"]
[Result "1-0"]
[WhiteElo "1874"]
[BlackElo "1395"]
[PlyCount "75"]
[EventDate "2015.01.30"]
[EventType "swiss"]
[EventRounds "9"]
[EventCountry "SRB"]
[SourceTitle "EXT 2016"]
[Source "ChessBase"]
[SourceDate "2015.10.08"]
[SourceVersion "1"]
[SourceVersionDate "2015.10.08"]
[SourceQuality "1"]

1. e4 e5 2. Nf3 Nc6 3. Bb5 a6 4. Ba4 d6 5. c3 Bg4 6. 0-0 Nf6 7. Re1 Be7 8. d3 0-0 9. Nbd2 b5 10. Bc2 Nh5 11. h3 Be6 12. Nxe5 Nxe5 13. Qxh5 g6 14. Qe2 Bf6 15. d4 Bc4 16. Nxc4 Nxc4 17. b3 Nb6 18. Be3 Nd7 19. Rad1 Re8 20. Qg4 h5 21. Qg3 Bh4 22. Qh2 Bf6 23. f4 c5 24. e5 cxd4 25. cxd4 dxe5 26. dxe5 Bg7 27. Qg3 Qc7 28. Rc1 Qa5 29. Qf2 Rac8 30. Bb1 Rcd8 31. Red1 Nf8 32. Rxd8 Rxd8 33. Bb6 Qd2 34. Be3 Qxf2+ 35. Kxf2 Ne6 36. Rc6 Rd1 37. Bc2 Nd4 38. Rc8+ 1-0

[Event "Senta-ch"]
[Site "Senta"]
[Date "2014.01.26"]
[Round "3"]
[White "Bicskei, Mihaly"]
[Black "Radisic, Dragoljub"]
[Result "1-0"]
[WhiteElo "1853"]
[BlackElo "1419"]
[PlyCount "53"]
[EventDate "2014.01.24"]
[EventType "swiss"]
[EventRounds "9"]
[EventCountry "SRB"]
[SourceTitle "EXT 2016"]
[Source "ChessBase"]
[SourceDate "2015.10.08"]
[SourceVersion "1"]
[SourceVersionDate "2015.10.08"]
[SourceQuality "1"]

1. e4 e5 2. Nf3 Nc6 3. Bb5 a6 4. Ba4 Nf6 5. 0-0 b5 6. Bb3 Bc5 7. d3 0-0 8. Bg5 h6 9. Bh4 g5 10. Bg3 d6 11. c3 Bb6 12. Nbd2 Rb8 13. Re1 a5 14. Nf1 b4 15. Ne3 Ba7 16. Rc1 Qd7 17. Nf5 Kh7 18. Ba4 Qe8 19. cxb4 Bd7 20. Bxc6 Bxc6 21. Qd2 Rxb4 22. Nxg5+ Kh8 23. Nf3 Ng4 24. h3 f6 25. hxg4 Qg6 26. Rxc6 Kh7 27. Rxc7+ 1-0

[Event "Senta op-B 17th"]
[Site "Senta"]
[Date "2013.07.13"]
[Round "1"]
[White "Radisic, Dragoljub"]
[Black "Bicskei, Mihaly"]
[Result "0-1"]
[WhiteElo "1409"]
[BlackElo "1894"]
[PlyCount "60"]
[EventDate "2013.07.13"]
[EventType "swiss"]
[EventRounds "9"]
[EventCountry "SRB"]
[SourceTitle "EXT 2014"]
[Source "ChessBase"]
[SourceDate "2013.11.20"]
[SourceVersion "1"]
[SourceVersionDate "2013.11.20"]
[SourceQuality "1"]

1. e4 c5 2. Nf3 e6 3. d4 cxd4 4. Nxd4 Nf6 5. Nc3 Nc6 6. Bg5 Be7 7. Nf3 d6 8. Bb5 0-0 9. 0-0 a6 10. Ba4 b5 11. Bb3 Bb7 12. Re1 b4 13. Nb1 Na5 14. c3 Nxe4 15. Bxe7 Qxe7 16. Bc2 d5 17. Qd4 Nc6 18. Qe3 f5 19. Bxe4 fxe4 20. Nd4 Ne5 21. Nd2 Ng4 22. Qg3 Nxf2 23. Rf1 Nd3 24. Rab1 Rxf1+ 25. Nxf1 Rf8 26. Ne3 a5 27. Ng4 Kh8 28. Ne5 Nxe5 29. Qxe5 Qf6 30. Qxe6 Qf2+ 0-1

[Event "Senta op-B 16th"]
[Site "Senta"]
[Date "2012.07.15"]
[Round "2"]
[White "Radisic, Dragoljub"]
[Black "Kelemen, David"]
[Result "0-1"]
[WhiteElo "1385"]
[BlackElo "1731"]
[PlyCount "48"]
[EventDate "2012.07.14"]
[EventType "swiss"]
[EventRounds "9"]
[EventCountry "SRB"]
[SourceTitle "CBM 149 Extra"]
[Source "ChessBase"]
[SourceDate "2012.08.24"]
[SourceVersion "1"]
[SourceVersionDate "2012.08.24"]
[SourceQuality "1"]

1. Nf3 Nf6 2. c4 g6 3. Nc3 Bg7 4. e4 d6 5. d4 0-0 6. Be2 e5 7. 0-0 Nc6 8. d5 Ne7 9. b4 Nd7 10. Bg5 h6 11. Bxe7 Qxe7 12. g3 f5 13. Nh4 Qf6 14. exf5 gxf5 15. Bh5 a5 16. b5 Nc5 17. Ng6 Rd8 18. Qf3 e4 19. Qe3 Qxc3 20. Ne7+ Kh7 21. Bg6+ Kh8 22. Qf4 Nd3 23. Qh4 Qf6 24. Qxf6 Bxf6 0-1